00788nam a22002655i 450000100060000000300090000600500170001500700030003200800410003502000180007604000220009408000120011610000330012811000060016124500680016726000420023530000210027749000320029850000490033050000120037965000370039171000290042883000320045785200330048910622ES-MaACL20251212063014.0t|941025s1994 sp ||||0| spa j a84-239-7840-0 aM-BN bspa cM-BN a806.0-5 aAlarcos Llorach, Emilioeaut1 a 10aGramática de la lengua española / cEmilio Alarcos Llorach. aMadrid : bEspasa-Calpe, cD.L. 1994. a406 p ; c22 cm.1 aColección Nebrija y Bello aPrecede al tít.: Real Academia Española. aIndice. 4aLengua española-xGramática.2 aReal Academia Española0 aColección Nebrija y Bello aES-MaACLjL-18022 bR.123018